Smooth sailing in personal relationship and leadership / (Record no. 3142)

MARC details
000 -LEADER
fixed length control field 00489nam a2200169Ia 4500
003 - CONTROL NUMBER IDENTIFIER
control field GBCCL
005 - DATE AND TIME OF LATEST TRANSACTION
control field 20241126110448.0
008 - FIXED-LENGTH DATA ELEMENTS--GENERAL INFORMATION
fixed length control field 171108b xxu||||| |||| 00| 0 eng d
040 ## - CATALOGING SOURCE
Transcribing agency GBC
082 ## - DEWEY DECIMAL CLASSIFICATION NUMBER
Classification number 262.1
Item number DOH
100 ## - MAIN ENTRY--PERSONAL NAME
Personal name Doherty, Sam
9 (RLIN) 5876
245 ## - TITLE STATEMENT
Title Smooth sailing in personal relationship and leadership /
Statement of responsibility, etc. Sam Doherty
260 ## - PUBLICATION, DISTRIBUTION, ETC.
Name of publisher, distributor, etc. Child evangelism fellowship,
Place of publication, distribution, etc. Northern Ireland :
Date of publication, distribution, etc. 1999.
300 ## - PHYSICAL DESCRIPTION
Extent 163p. ;
650 ## - SUBJECT ADDED ENTRY--TOPICAL TERM
Topical term or geographic name entry element Christian leadership
9 (RLIN) 1568
942 ## - ADDED ENTRY ELEMENTS (KOHA)
Source of classification or shelving scheme Dewey Decimal Classification
Koha item type Books
Koha issues (borrowed), all copies 5
Holdings
Withdrawn status Lost status Source of classification or shelving scheme Damaged status Not for loan Home library Current Library Shelving location Date acquired Total checkouts Full call number Barcode Date last seen Date last checked out Copy number Price effective from Koha item type
    Dewey Decimal Classification     GRACE BIBLE COLLEGE GRACE BIBLE COLLEGE Ministry & Mission 2017-11-08 3 262.1 DOH 006141 2025-05-01 2023-01-23 c.2 2017-11-08 Books
    Dewey Decimal Classification     GRACE BIBLE COLLEGE GRACE BIBLE COLLEGE Ministry & Mission 2017-11-08 2 262.1 DOH 006140 2025-05-01 2023-08-23 c.1 2017-11-08 Books
© Grace Bible College Library 2025